01817nam a22002297a 4500999001700000020001800017041001300035082001600048245011500064260004400179300001500223504005100238520101600289546001301305650003101318650002101349650001901370650003201389700002801421942001201449952012601461 c38324d38324 a9781137441393 aEnglish. a341.2bCRI- aCritical perspectives on the crisis of global governance : breimagining the future /c edited by Stephen Gill a New York :bPalgrave Macmillan,c2015. axix, 246p. aIncludes bibliographical references and index. aThis volume provides forward-looking, critical perspectives on the crisis of global governance. Featuring new, original and imaginative reflections, world leaders in law, sociology, politics, economics and international studies, interrogate global governance as it is and as it ought to be. It asks: What are the principal forces, structures, movements and ideas shaping global governance under conditions of global crisis? And what are the likely prospects for transformations in the theory and practice of global governance? The contributors highlight alternative imaginaries and social forces harnessing new organizational and political forms to counter and displace dominant strategies of rule. In so doing, they suggest that to meaningfully address intensifying economic, ecological and ethical crises of the early 21st century in ways more consistent with greater social justice, democracy and the integrity biosphere will require far more effective, legitimate and far-sighted forms of global governance. aEnglish. aInternational cooperation. aEconomic policy. aGlobalization. aInternational organization. aGill, Stephen eeditor. 2ddccBK 00104070aNASSDOCbNASSDOCd2023-03-16eOverseasg0.00l0o341.2 CRI-p52644r2023-05-11 00:00:00v0.00w2023-05-11yBK